All Liechtensteiner Wars - Statistics

General Stats
  • This quiz has been taken 26 times
  • The average score is 4 of 5
Answer Stats
Years War % Correct
1914-1918 WW1
96%
1939-1945 WW2
96%
1618-1648 Thirty Years War
74%
1866 Austro-Prussian War
70%
1866 3rd Italian War of Independence
52%
No matching quizzes found
Score Distribution
Percent of People with Each Score
Percentile by Number Answered
Your Score History
You have not taken this quiz